Rendering in pencil / (Record no. 25158)

000 -LEADER
fixed length control field 00987pam a2200277 i 4500
001 - CONTROL NUMBER
control field 2708468
005 - DATE AND TIME OF LATEST TRANSACTION
control field 20170131090440.0
008 - FIXED-LENGTH DATA ELEMENTS--GENERAL INFORMATION
fixed length control field 761026s1977 nyua 001 0 eng
010 ## - LIBRARY OF CONGRESS CONTROL NUMBER
LC control number 76050547
020 ## - INTERNATIONAL STANDARD BOOK NUMBER
International Standard Book Number 0823045315 :
Terms of availability $17.95
050 00 - LIBRARY OF CONGRESS CALL NUMBER
Classification number NC890 .G8 1977
100 1# - MAIN ENTRY--PERSONAL NAME
Personal name Guptill, Arthur L.
Fuller form of name (Arthur Leighton),
Dates associated with a name 1891-1956.
245 10 - TITLE STATEMENT
Title Rendering in pencil /
Statement of responsibility, etc. by Arthur L. Guptill ; edited by Susan E. Meyer.
260 ## - PUBLICATION, DISTRIBUTION, ETC. (IMPRINT)
Place of publication, distribution, etc. New York :
Name of publisher, distributor, etc. Watson-Guptill,
Date of publication, distribution, etc. 1977.
300 ## - PHYSICAL DESCRIPTION
Extent 271 p. :
Other physical details ill. ;
Dimensions 32 cm.
500 ## - GENERAL NOTE
General note Rev. ed. of the author's Sketching and rendering in pencil and Pencil drawing step-by-step.
500 ## - GENERAL NOTE
General note Includes index.
650 #0 - SUBJECT ADDED ENTRY--TOPICAL TERM
Topical term or geographic name as entry element Pencil drawing.
650 #0 - SUBJECT ADDED ENTRY--TOPICAL TERM
Topical term or geographic name as entry element Architectural rendering.
700 1# - ADDED ENTRY--PERSONAL NAME
Personal name Meyer, Susan E.
942 ## - ADDED ENTRY ELEMENTS (KOHA)
Source of classification or shelving scheme
Koha item type Hard Covered Materials
Holdings
Withdrawn status Lost status Source of classification or shelving scheme Damaged status Not for loan Home library Current library Shelving location Date acquired Source of acquisition Total Checkouts Full call number Barcode Date last seen Price effective from Koha item type
          MACHAKOS UNIVERSITY LIBRARY MACHAKOS UNIVERSITY LIBRARY Open shelf 31/01/2017 Donation(BFA)   NC890 .G8 1977 33426 31/01/2017 31/01/2017 Hard Covered Materials
© Machakos University Library, Along The Highway, Machakos Wote Rd, Machakos, Kenya P.O. Box 136 - 90100 Machakos - Kenya

Tel: ( +254 ) 723 805829 OR Fax : 044-20353 OR Email: library@mksu.ac.ke